5HLuxD.jpg

KING HENRY VIII SENIOR AND PRIMARY SCHOOL LIBRARY OPAC

The cave (Record no. 2483)

000 -LEADER
fixed length control field 00778nam a22002057a 4500
005 - DATE AND TIME OF LATEST TRANSACTION
control field 20230602145947.0
008 - FIXED-LENGTH DATA ELEMENTS--GENERAL INFORMATION
fixed length control field 230602b ||||| |||| 00| 0 eng d
020 ## - INTERNATIONAL STANDARD BOOK NUMBER
International Standard Book Number 9780711247031
040 ## - CATALOGING SOURCE
Transcribing agency KH8
082 ## - DEWEY DECIMAL CLASSIFICATION NUMBER
Classification number 800 HOD
100 ## - MAIN ENTRY--PERSONAL NAME
Personal name Hodgson, Rob
Relator term Author
245 ## - TITLE STATEMENT
Title The cave
Statement of responsibility, etc. Rob Hodgson
260 ## - PUBLICATION, DISTRIBUTION, ETC.
Place of publication, distribution, etc. London,
Name of publisher, distributor, etc. Frances Lincoln Children's Books,
Date of publication, distribution, etc. 2018
300 ## - PHYSICAL DESCRIPTION
Extent 1 volume :
Other physical details chiefly illustrations (colour) ;
Dimensions 28 cm
520 ## - SUMMARY, ETC.
Summary, etc. A wolf tries everything to get a creature to leave the cave, to no avail. But what will happen when he's finally successful? This is a laugh-out-loud story with a BIG surprise!
521 ## - TARGET AUDIENCE NOTE
Target audience note Children's stories Pictorial works
650 ## - SUBJECT ADDED ENTRY--TOPICAL TERM
Topical term or geographic name entry element Children's stories
650 ## - SUBJECT ADDED ENTRY--TOPICAL TERM
Topical term or geographic name entry element Children's stories Pictorial works
942 ## - ADDED ENTRY ELEMENTS (KOHA)
Source of classification or shelving scheme
Koha item type Books - Fiction
Holdings
Withdrawn status Lost status Source of classification or shelving scheme Damaged status Not for loan Collection code Permanent Location Current Location Shelving location Date acquired Full call number Barcode Date last seen Price effective from Koha item type
          Fiction KH8 Primary School Library KH8 Primary School Library Non Fiction 2023-06-02 800 HOD KHPL000004238 2025-12-05 2023-06-02 Books - Fiction

Powered By KH8 IT Dept